00551nam a2200217Ia 4500008004100000050000800041050001400049100002100063245001300084245002700097245004600124260001800170260002300188260000900211300001600220300002000236300001000256650001900266650003700285700001100322171120s9999 xx 000 0 und d a320 bC957 2011 aCruz, Isagani A. aPepito : bspeaker of the house / cby Isagani A. Cruz and Cynthia Cruz Datu. aPhilippines : bLaurel Foundation, c2011 a243 pages : billustrations ; c26cm. aPhilippines -- xPolitics and government -- 1986- aTitle.